• 首页
  • 本馆介绍
  • 公告通知
  • 最新文献
  • 馆藏检索
  • 电子资源
  • 读者导购
  • 参考咨询
  • 我的图书馆
  • 登录
  • 详细信息显示
  • 放入我的书架
  • 预约/预借图书
  • 作者相关作品
  • 分类相关作品
  • 丛书相关作品
  • 出版社相关作品

书目信息

  • 表格格式
  • 工作单格式
  • 卡片格式
题名:
真空技术基础
    
 
作者: 华中一 编著
分册:  
出版信息: 上海   科学技术出版社  1958
页数: 128页
开本: 19cm
丛书名:
单 册:
中图分类: TB7-43
科图分类:
主题词: 真空技术 , 真空技术
电子资源:
ISBN:
000 00605nam0 2200241 45 980
001 0639174855
005 20060810105328.98
010    @dCNY0.42
091    @a15119.835
100    @a19970715d1958 em y0chiy0121 ea
101 0  @achi
102    @aCN@b310000
105    @afk z 000yy
106    @ar
200 10 @a真空技术基础@Azhen kong ji shu ji chu@f华中一编著
210    @a上海@c科学技术出版社@d1958
215    @a128页@c表,图@d19cm
606    @a真空技术
606 0  @a真空技术
690    @aTB7-43@v3
701  0 @a华中一@4编著@Ahua zhong yi
801 0  @c20060810
905    @a10447@dTB7-43@e124
    
    真空技术基础/华中一编著 .-上海:科学技术出版社,1958
    128页:表,图;19cm
    
    
    ISBN :CNY0.42
    
●
相关链接 在E读中查询图书 在五车中查询图书 在当当中查询图书 在豆瓣中查询图书


正题名:真空技术基础     索取号:TB7-43/124         预约/预借

序号 登录号 条形码 馆藏地/架位号 状态 备注
1 0452127   204521277   密集书库/ [索取号:TB7-43/124] 在馆    
唐山师范学院图书馆 欢迎您!
大连网信软件有限公司© 版权所有